Survivor: Thailand Individual Immunity Challenges Quiz Stats

 Plays Quiz not verified by Sporcle

Also try: Superman's Powers
Challenge
Share
Tweet
Score 0/6 Timer 04:00
0 Plays Today
% Correct
Brian Heidik
100%
Brian Heidik
100%
Helen Glover
98.5%
Brian Heidik
98.5%
Clay Jordan
96.9%
Ted Rogers, Jr.
96.9%

You're not logged in!

Compare scores with friends on all Sporcle quizzes.
OR
Log In

You Might Also Like...

Show Comments

Extras

Top Quizzes Today


Score Distribution

Your Account Isn't Verified!

In order to create a playlist on Sporcle, you need to verify the email address you used during registration. Go to your Sporcle Settings to finish the process.

Report this User

Report this user for behavior that violates our Community Guidelines.

Details: